| 000 | 00643nam a2200169Ia 4500 | ||
|---|---|---|---|
| 008 | 151018s9999 xx 000 0 und d | ||
| 082 |
_bRBASDV23627 _a110 |
||
| 100 | _aयु म पठाण | ||
| 245 | _a"आठव-ज्ञानदेवांचा,ज्ञानदेवीचा" | ||
| 260 |
_bमधुराज _c1992 |
||
| 300 | _a92 | ||
| 600 | _aयु म पठाण | ||
| 630 | _a"आठव-ज्ञानदेवांचा,ज्ञानदेवीचा" | ||
| 700 | _aयु म पठाण | ||
| 730 | _a"आठव-ज्ञानदेवांचा,ज्ञानदेवीचा" | ||
| 942 | _cBOOK | ||
| 999 |
_c1023281 _d1023278 |
||